000 00304pam a2200133a 44500
008 230405s2017 xxu||||| |||| 00| 0 eng d
041 _aENG
100 _aDR.B.S.KUCHEKAR
245 _aFORENSIC PHARAMACY
250 _a13
260 _a
_bNIRALI PRAKASHAN PUNE
_c2017
300 _a19.2
906 _a5102
999 _c280373
_d280373